| 000 -LEADER |
| fixed length control field |
01627pab a2200181 454500 |
| 008 - FIXED-LENGTH DATA ELEMENTS--GENERAL INFORMATION |
| fixed length control field |
180718b2014 xxu||||| |||| 00| 0 eng d |
| 100 ## - MAIN ENTRY--PERSONAL NAME |
| Personal name |
Vaddiraju, Anil Kumar |
| 245 ## - TITLE STATEMENT |
| Title |
Economic reforms and political decentralisation in South India: An uneven equation? |
| 260 ## - PUBLICATION, DISTRIBUTION, ETC. |
| Date of publication, distribution, etc. |
2014 |
| 300 ## - PHYSICAL DESCRIPTION |
| Extent |
p.41-62. |
| 362 ## - DATES OF PUBLICATION AND/OR SEQUENTIAL DESIGNATION |
| Dates of publication and/or sequential designation |
Mar |
| 520 ## - SUMMARY, ETC. |
| Summary, etc. |
Economic reforms and political decentralisation are interlinked. Given the policy commitment of the Indian states towards both economic reform and decentralisation, a substantive decentralisation would lead to an inclusive and participatory growth process thereby reducing poverty. On the other hand, when economic reforms are devoid of political decentralisation, the growth process will not be inclusive and is likely to lead to the exacerbation of inequalities in terms of economic benefits and political empowerment. Therefore, a positive linkage between economic reforms and political decentralisation is likely to lead to an inclusive growth process where the poor and the marginalised are not excluded. On the other hand, focusing on economic reforms per se ignoring participation and political decentralisation is likely to lead to a un-participative growth process. With this hypothesis, this paper examines the dynamic interface between economic reforms and political decentralisation with respect to four South Indian states: Karnataka, Andhra Pradesh, Tamil Nadu and Kerala. The paper attempts at a comparison of the four states. - Reproduced. |
| 650 ## - SUBJECT ADDED ENTRY--TOPICAL TERM |
| Topical term or geographic name entry element |
Decentralization |
| 650 ## - SUBJECT ADDED ENTRY--TOPICAL TERM |
| Topical term or geographic name entry element |
Economic reform |
| 773 ## - HOST ITEM ENTRY |
| Main entry heading |
Man and Development |
| 908 ## - PUT COMMAND PARAMETER (RLIN) |
| Put command parameter |
N |
| 909 ## - |
| -- |
104537 |